=LDR 00000nam 2200000 4500 =001 INLIS000000000029881 =005 20130612132058 =008 ***********************************Ind** =035 ##$$0010-061300000029881 =041 ##$$a Ind =082 ##$$a 633.492 =090 ##$$a 633.492, Sri b =100 ##$$a Sri Nuryani =245 ##$$a Budidaya ubi kayu, Ir. Sri Nuryani =260 ##$$a 1994 $b Semarang =300 ##$$a 71 hlm, ilus, 21 cm =650 ##$$a Ubi Kayu =850 ##$$a NBPNMAT